000 01817cam a2200337 4500
001 J126942
008 040727n2002 000 0 eng u
035 _a(Sirsi) u126942
041 _aeng.
050 _a333.72
_c18
110 _aBritish Council for Offices
_93992
245 _aSustainability starts in the boardroom
260 _aLondon
_bBCO
_c2002
300 _a30p.
_c30cm.
350 _a53
520 _aThis report represents the first phase of a more wide ranging British Council for Offices initiative to establish what is understood by the term sustainability, what is being done and what needs to happen next so that the office sector operates effectively within the various environmental, social, legal or economic constraints which the market imposes. The objectives of the research programme were: to provide an overview of strategic approaches to sustainability by some of Britain's major development companies, architectural practices and investor developers; identify incentives and influencing factors; assess the impact of current and proposed environmental and social legislation and regulations; and understand the major motivating factors what will encourage organisations in the office sector to commit to sustainable development in the future.
650 _aOFFICES
650 _aPROPERTY-COMMERCIAL PROPERTY-OFFICE PROPERTY-OFFICE PROPERTY MARKET
650 _aOFFICE DEVELOPMENT
650 _aSUSTAINABLE DEVELOPMENT
650 _aARCHITECTS
650 _aPLANNING REGULATIONS
650 _aBUILDING REGULATIONS 2000 APPROVED DOCUMENT L2 (2002 EDITION)
650 _aINVESTMENT
650 _aENVIRONMENTAL IMPACT
650 _aBREEAM
650 _aENERGY
_96237
690 _aBUILT ENVIRONMENT-SUSTAINABLE CONSTRUCTION
710 _aRemark
_94644
942 _n0
999 _c103687
_d103687